15.Horrorfilm-Duell: Leprechaun vs. The Demon - Statistiken

Allgemein
  • Dieses Quiz wurde 2 mal gespielt
  • Das Durchschnittsergebnis liegt bei 8 aus 12
Antwortstatistiken
Frage Antwort % Korrekt
Unsterblichkeit The Demon
100%
Psychologischer Horror The Demon
100%
Intelligenz The Demon
100%
Übernatürliche Kräfte The Demon
100%
Physische Kraft The Demon
100%
Sieger The Demon
100%
Brutalität Leprechaun
50%
Kreativität Leprechaun
50%
Horrorikonenstatus The Demon
50%
Ausstrahlung The Demon
50%
Opferzahl Leprechaun
0%
Wiedererkennungswert The Demon
0%
Keine übereinstimmenden Quizze gefunden
Verteilung der Resultate
Anzahl Personen mit jedem Resultat
Perzentil nach korrekt beantworteten Fragen
Ihre Resultats-Entwicklung
Sie haben dieses Quiz noch nicht gespielt